La gran usurpación : (Registro nro. 25492)

Detalles MARC
000 -Cabecera
Campo de control interno 00789nam a22002537a 4500
005 - Fecha y hora del registro
control field 20260428165248.0
008 - Elementos de Longitud Fija
fixed length control field 260427b |||||||| |||| 00| 0 spa d
020 ## - ISBN
ISBN 9786124200779
041 ## - Idioma
Codigo Idioma ESP
082 ## - DEWEY y NOTACIÓN INTERNA
Dewey 320.985
Notación Interna CH243
100 ## - AUTOR
Autor denominación Chehade Moya, Omar
245 ## - TÍTULO DE MATERIAL BIBLIOGRÁFICO
Título La gran usurpación :
Título paralelo memorias del gobierno
250 ## - EDICIÓN
Edición Primera edición
260 ## - CIUDAD, EDITORIAL, AÑO
Ciudad Lima :
Nombre de la Editorial Adrus D&L Editores,
Año 2016
300 ## - DESCRIPCIÓN
N° Páginas 297 páginas :
Otros detalles ilustraciones ;
Dimensiones 20 cm.
440 ## - MENCIÓN DE SERIE
Título de la Serie ;
650 ## - TEMAS
Temas Ciencias Sociales
653 ## - DESCRIPTORES
Lenguajes no controlado Ciencia política, Perú; Política y gobierno, usurpación, Perú; Políticos, Perú
654 ## - PROGRAMAS
Programa Dpto. de Derecho y Ciencia Política
700 ## - OTROS AUTORES
Otros autores ;
856 ## - URL - UBICACIÓN
URI/URL: Enlace exacto del recurso <a href="https://itmsp.museknowledge.com/UCSP?groupID=2">https://itmsp.museknowledge.com/UCSP?groupID=2</a>
Nota pública: Versión digital <a href="Véase además: Biblioteca digital">Véase además: Biblioteca digital</a>
942 ## - ELEMENTOS DE KOHA
Tipo de documento Libro
Nombre del creador Justo Noguera
Código de catalogador Mirtha Ponce
Suppress in OPAC No
Esquema de clasificación Dewey Decimal Classification
Existencias
Codigo completo Registro Colección Copia número Disponibilidad Tipo de préstamo Biblioteca Actual Procedencia (Biblioteca) Ubicacón Fecha Ingreso Tipo de Adquisición Observación Date last seen Total checkouts Price effective from Tipo de Item Estado del Material Fuente de Clasificación Damaged status Withdrawn status
320.985 CH243 1088579 Universidad Católica San Pablo 1 No disponible Proceso Víctor Andrés Belaunde Víctor Andrés Belaunde Planta baja abierta 27/04/2026 Donación Derecho 27/04/2026   27/04/2026 Libro Bueno Dewey Decimal Classification   Withdrawn